[Event "Chigorin Memorial 20th"]
[Site "St Petersburg"]
[Date "2012.10.29"]
[Round "3"]
[White "Chuprova, Irina"]
[Black "Zalkind, Konstantin"]
[Result "0-1"]
[WhiteElo "1945"]
[BlackElo "2232"]
[PlyCount "62"]
[EventDate "2012.10.27"]
[EventType "swiss"]
[EventRounds "9"]
[EventCountry "RUS"]
[SourceTitle "EXT 2013"]
[Source "ChessBase"]
[SourceDate "2012.11.22"]
[SourceVersion "1"]
[SourceVersionDate "2012.11.22"]
[SourceQuality "1"]

1. e4 d6 2. d4 Nf6 3. Nc3 e5 4. Nf3 Nbd7 5. Bc4 Be7 6. 0-0 0-0 7. a4 c6 8. Re1 b6 9. d5 Bb7 10. b3 Nc5 11. Ba3 cxd5 12. Bxd5 Nxd5 13. Nxd5 Rc8 14. Rb1 f5 15. exf5 Rxf5 16. c4 Bf8 17. b4 Ne6 18. Qd3 Rf7 19. Red1 Nf4 20. Qe4 Qd7 21. Ng5 Rf5 22. h4 h6 23. g4 Rxg5 24. hxg5 Qxg4+ 25. Kf1 Qh3+ 26. Ke1 Bxd5 27. cxd5 Qxa3 28. g6 Be7 29. Kf1 Qh3+ 30. Ke1 Bh4 31. Rd2 Rc3 0-1

[Event "Albena Masters op"]
[Site "Albena"]
[Date "2012.06.01"]
[Round "7"]
[White "Gaehwiler, Gabriel"]
[Black "Zalkind, Konstantin"]
[Result "1/2-1/2"]
[WhiteElo "2280"]
[BlackElo "2197"]
[PlyCount "78"]
[EventDate "2012.05.26"]
[EventType "swiss"]
[EventRounds "9"]
[EventCountry "BUL"]
[SourceTitle "CBM 148 Extra"]
[Source "ChessBase"]
[SourceDate "2012.06.22"]
[SourceVersion "1"]
[SourceVersionDate "2012.06.22"]
[SourceQuality "1"]

1. e4 d6 2. d4 Nf6 3. Nc3 e5 4. dxe5 dxe5 5. Qxd8+ Kxd8 6. Bc4 Be6 7. Bxe6 fxe6 8. Bg5 Nc6 9. 0-0-0+ Bd6 10. Nf3 a6 11. Ne1 Ke7 12. f3 h6 13. Be3 g5 14. Nd3 Nh5 15. h4 Nf4 16. hxg5 hxg5 17. g3 Nxd3+ 18. cxd3 Kf6 19. Kd2 Kg6 20. Ne2 Raf8 21. Rxh8 Rxh8 22. Rf1 Rh2 23. Rf2 Rh1 24. f4 g4 25. fxe5 Nxe5 26. Nd4 c5 27. Nxe6 Nf3+ 28. Kc3 Bxg3 29. Rg2 Be1+ 30. Kc4 g3 31. Bf4 b5+ 32. Kd5 Rh2 33. Rxh2 gxh2 34. Bxh2 Nxh2 35. Nxc5 a5 36. Kc6 b4 37. Kb5 Nf3 38. Nb3 Kf6 39. Nxa5 Nd4+ 1/2-1/2